La solución del problema de la vida : síntesis de la doctrina católica /

שמור ב:
מידע ביבליוגרפי
מחבר ראשי: Lelotte, Fernand (autor)
פורמט: ספר
שפה:ספרדית
יצא לאור: Salamanca, España : Sígueme, 1967, c1961
מהדורה:9a edición
סדרה:(Lux Mundi ; 6)
נושאים:
תגים: הוספת תג
אין תגיות, היה/י הראשונ/ה לתייג את הרשומה!

MARC

LEADER 00000nam^a2200000^a^4500
001 000155389
005 20250521000000.0
009 20260310100425.713
037 |a Acervo ITESO - Biblioteca 
041 |a ESP 
082 |a 230.  |b LEL 
100 |a Lelotte, Fernand  |e (autor) 
240 1 4 |a [La solución del problema de la vida] 
245 1 3 |a La solución del problema de la vida : síntesis de la doctrina católica /  |c F. Lelotte ; tr. por María Dolores López. 
250 |a 9a edición 
264 4 |a Salamanca, España :  |b Sígueme,  |c 1967, c1961 
300 |a 370 p. 
336 |a texto  |b txt  |2 rdacontenido 
337 |a sin mediación  |b n  |2 rdamedio 
338 |a volumen  |b nc  |2 rdasoporte 
440 1 |a (Lux Mundi ;  |v 6) 
500 |a Traducción de: La solution du problème de la vie 
649 |a XX 
650 |a Creación 
650 |a Hombre -  |x Origen 
650 |a Antropología Filosófica 
650 |a Derecho Natural 
650 |a Pecado Original 
650 |a Redención 
650 |a Resurrección 
650 |a Vida Cristiana 
650 |a Iglesia y Problemas Sociales 
650 |a Teología Social 
650 |a Teología Doctrinal 
650 |a Catolicismo 
650 |a Cristianismo 
650 |a Religión 
910 |a Fondo General 
920 |a Impresos - Libros 
930 |a Colección General 
905 |a 101 
901 |a 0500083272  |b IT1  |c ACC  |u 20250521 
902 |a https://opac.biblio.iteso.mx/vufind/Record/000155389